000 00306 a2200121 4500
000 nam a22 7a 4500
005 20260207133722.0
020 _a9789395472739
100 _aSatish Chandra Mittal
_91114354
245 _aSanskritik Rashtrwad Chaar Adhyaye
260 _bKitabwale
_c2024
942 _cTEXL
999 _c1678898
_d1678898